| 000 | 00610nam a2200169 a 4500 | ||
|---|---|---|---|
| 001 | 000028691 | ||
| 005 | 20200930055059.0 | ||
| 008 | 110411s1988 dr 000 0 spa d | ||
| 040 |
_aDO-SdBNP _bspa _cBNPHU |
||
| 100 | 1 |
_aZorrilla, Mercedes _936378 |
|
| 245 | 1 | 0 |
_aMaterial de autoevaluación de ortografía moderna / _cMercedes Zorrilla. |
| 260 |
_aSanto Domingo : _bEditora Universitaria, _c1988. |
||
| 300 |
_a38 P. ; _c21 cm. |
||
| 490 | 1 |
_aPublicaciones de la Universidad Autónoma de Santo Domingo _v596 |
|
| 830 | 0 |
_aPublicaciones de la Universidad Autónoma de Santo Domingo _n596 _955670 |
|
| 049 | _aBNPD | ||
| 999 |
_c28183 _d28183 |
||